00271nam a2200097Ia 4500008004100000100004500041245005200086260001300138260001300151260000900164201214s9999 xx 000 0 und d aRachlin, Robert and Stockton, Richard B. 0aManaging Cash Flow and Capital During Inflation aNew York bHamilton c1979